[Event "CZE-chT2B 2223"]
[Site "Czech Republic"]
[Date "2023.02.05"]
[Round "8.7"]
[White "Urban, Tomas"]
[Black "Nudcenko, Karel"]
[Result "1/2-1/2"]
[WhiteElo "1846"]
[BlackElo "1991"]
[PlyCount "51"]
[EventDate "2022.10.16"]
[EventType "team-tourn"]
[EventRounds "11"]
[EventCountry "CZE"]
[SourceTitle "EXT 2024"]
[Source "ChessBase"]
[SourceDate "2023.10.10"]
[SourceVersion "1"]
[SourceVersionDate "2023.10.10"]
[SourceQuality "1"]
[WhiteTeam "Kolesovice"]
[BlackTeam "Udlice"]
[WhiteTeamCountry "CZE"]
[BlackTeamCountry "CZE"]

1. Nf3 Nf6 2. g3 d5 3. b3 c5 4. c4 e6 5. Bb2 Be7 6. Bg2 0-0 7. 0-0 b6 8. cxd5 Nxd5 9. d4 Bb7 10. Nc3 Nd7 11. Re1 f5 12. Ne5 Nxe5 13. dxe5 Nxc3 14. Qxd8 Raxd8 15. Bxb7 Nb5 16. Rad1 Kf7 17. e3 Nc7 18. Kf1 g5 19. f4 Nd5 20. Ke2 g4 21. a3 h5 22. Rd2 Nc7 23. Red1 Rxd2+ 24. Rxd2 Rd8 25. Rxd8 Bxd8 26. e4 1/2-1/2

[Event "Pardubice Czech op-E 33rd"]
[Site "Pardubice"]
[Date "2022.07.17"]
[Round "7.3"]
[White "Bezdek, Tomas"]
[Black "Urban, Tomas"]
[Result "1-0"]
[WhiteElo "2061"]
[BlackElo "1815"]
[PlyCount "49"]
[EventDate "2022.07.14"]
[EventType "team-swiss"]
[EventRounds "7"]
[EventCountry "CZE"]
[SourceTitle "CBM 209 Extra"]
[Source "ChessBase"]
[SourceDate "2022.09.30"]
[SourceVersion "1"]
[SourceVersionDate "2022.09.30"]
[SourceQuality "1"]
[WhiteTeam "Ricany J"]
[BlackTeam "Kolesovice Cesky Lev"]
[WhiteTeamCountry "CZE"]
[BlackTeamCountry "CZE"]

1. e4 d5 2. exd5 Nf6 3. d4 Qxd5 4. Nc3 Qa5 5. Bd2 c6 6. h3 Qc7 7. Bc4 Bf5 8. Nge2 e6 9. Bf4 Bd6 10. Bxd6 Qxd6 11. Qd2 Nbd7 12. 0-0-0 Nb6 13. Bb3 0-0-0 14. Ng3 Bg6 15. Nce2 Rd7 16. Nf4 Rhd8 17. Nxg6 hxg6 18. Ne2 c5 19. Qa5 Ne4 20. Rhf1 Qc6 21. f3 c4 22. fxe4 cxb3 23. axb3 Qxe4 24. Nc3 Qe3+ 25. Kb1 1-0

[Event "Pardubice Czech op-E 33rd"]
[Site "Pardubice"]
[Date "2022.07.16"]
[Round "4.2"]
[White "Urban, Tomas"]
[Black "Vlasak, Lukas"]
[Result "0-1"]
[WhiteElo "1815"]
[BlackElo "2442"]
[PlyCount "50"]
[EventDate "2022.07.14"]
[EventType "team-swiss"]
[EventRounds "7"]
[EventCountry "CZE"]
[SourceTitle "CBM 209 Extra"]
[Source "ChessBase"]
[SourceDate "2022.09.30"]
[SourceVersion "1"]
[SourceVersionDate "2022.09.30"]
[SourceQuality "1"]
[WhiteTeam "Kolesovice Cesky Lev"]
[BlackTeam "Turnov Zikuda"]
[WhiteTeamCountry "CZE"]
[BlackTeamCountry "CZE"]

1. d4 Nf6 2. Bf4 g6 3. Nc3 d5 4. f3 c5 5. e4 dxe4 6. d5 Qa5 7. Qd2 e3 8. Bxe3 Bg7 9. Bb5+ Bd7 10. Bxd7+ Nbxd7 11. 0-0-0 b5 12. Kb1 b4 13. Ne4 0-0 14. Nh3 Rfd8 15. Qf2 Rab8 16. d6 Nxe4 17. fxe4 exd6 18. Rxd6 Ne5 19. Rxd8+ Rxd8 20. Rf1 Qc7 21. Qh4 Rd7 22. Nf4 Nc4 23. Nd5 Qe5 24. c3 bxc3 25. bxc3 Nxe3 0-1

[Event "CZE-chT2B 1920"]
[Site "Czech Republic"]
[Date "2020.06.28"]
[Round "11.8"]
[White "Urban, Tomas"]
[Black "Krejcik, Jiri"]
[Result "0-1"]
[WhiteElo "1802"]
[BlackElo "2084"]
[PlyCount "70"]
[EventDate "2019.10.13"]
[EventType "team-tourn"]
[EventRounds "11"]
[EventCountry "CZE"]
[SourceTitle "EXT 2024"]
[Source "ChessBase"]
[SourceDate "2023.10.10"]
[SourceVersion "1"]
[SourceVersionDate "2023.10.10"]
[SourceQuality "1"]
[WhiteTeam "Kolesovice Cesky Lev"]
[BlackTeam "Karlovy Vary Tietz"]
[WhiteTeamCountry "CZE"]
[BlackTeamCountry "CZE"]

1. d4 Nf6 2. Nf3 g6 3. Nbd2 Bg7 4. e4 d6 5. Bd3 0-0 6. 0-0 c5 7. c3 b6 8. Qe2 Bb7 9. e5 Nd5 10. Ne4 cxd4 11. cxd4 dxe5 12. dxe5 Nc6 13. Ng3 Qc7 14. Re1 Rad8 15. a3 Bc8 16. h3 Na5 17. Rb1 Nb3 18. Bc4 Nxc1 19. Rbxc1 Bh6 20. Rc2 Qb8 21. Qe4 Nf4 22. Ne2 Bf5 23. Nxf4 Bxe4 24. Rxe4 Rd1+ 25. Kh2 Qb7 26. Rce2 Bxf4+ 27. Rxf4 h6 28. Rg4 Kg7 29. Nh4 e6 30. Re3 Qc7 31. Bxe6 fxe6 32. Rxg6+ Kh7 33. Rxe6 Rxf2 34. Ng6 Qc5 35. Rg3 Rh1+ 0-1

[Event "CZE-chT2B 1920"]
[Site "Czech Republic"]
[Date "2020.01.26"]
[Round "7.8"]
[White "Urban, Tomas"]
[Black "Janda, Zdenek"]
[Result "0-1"]
[WhiteElo "1802"]
[BlackElo "2070"]
[PlyCount "98"]
[EventDate "2019.10.13"]
[EventType "team-tourn"]
[EventRounds "11"]
[EventCountry "CZE"]
[SourceTitle "EXT 2024"]
[Source "ChessBase"]
[SourceDate "2023.10.10"]
[SourceVersion "1"]
[SourceVersionDate "2023.10.10"]
[SourceQuality "1"]
[WhiteTeam "Kolesovice Cesky Lev"]
[BlackTeam "Decin"]
[WhiteTeamCountry "CZE"]
[BlackTeamCountry "CZE"]

1. f4 d5 2. Nf3 g6 3. g3 Bg7 4. Bg2 c5 5. 0-0 Nc6 6. d3 Nf6 7. c3 0-0 8. Qe1 Qc7 9. h3 b6 10. g4 e6 11. Qh4 Ne7 12. Ne5 Ne8 13. e4 f6 14. exd5 Nxd5 15. Nxg6 hxg6 16. c4 Bb7 17. cxd5 Bxd5 18. Bxd5 exd5 19. Nc3 d4 20. Ne4 Nd6 21. Bd2 Nxe4 22. dxe4 Rae8 23. Rae1 Qc6 24. f5 g5 25. Qh5 Rxe4 26. Qg6 Rfe8 27. Rxe4 Rxe4 28. Bxg5 Re2 29. Rf2 Re1+ 30. Rf1 Rxf1+ 31. Kxf1 Qf3+ 32. Kg1 Qg3+ 33. Kf1 Qxh3+ 34. Kf2 Qh2+ 35. Kf3 Qe5 36. Bf4 Qd5+ 37. Kg3 Qd7 38. g5 fxg5 39. Bxg5 Qf7 40. Qxf7+ Kxf7 41. Kf3 Bf6 42. Bf4 Ke7 43. b3 Kd7 44. Ke4 Kc6 45. a4 a6 46. Bd2 b5 47. Bf4 c4 48. bxc4 bxc4 49. Be5 d3 0-1

[Event "Jirasek Memorial op 23rd"]
[Site "Rakovnik"]
[Date "2011.08.11"]
[Round "7"]
[White "Jirkovsky, Tomas"]
[Black "Urban, Tomas"]
[Result "1/2-1/2"]
[WhiteElo "2073"]
[BlackElo "1822"]
[PlyCount "104"]
[EventDate "2011.08.06"]
[EventType "swiss"]
[EventRounds "9"]
[EventCountry "CZE"]
[SourceTitle "CBM 143 Extra"]
[Source "ChessBase"]
[SourceDate "2011.08.29"]
[SourceVersion "1"]
[SourceVersionDate "2011.08.29"]
[SourceQuality "1"]

1. e4 c5 2. Nc3 Nc6 3. g3 g6 4. Bg2 Bg7 5. d3 d6 6. f4 e6 7. Nf3 Nge7 8. 0-0 0-0 9. Bd2 f5 10. Rb1 a6 11. a3 b5 12. Re1 Re8 13. Kh1 Rb8 14. exf5 exf5 15. Ng5 Nd4 16. Nd5 Bb7 17. Nxe7+ Rxe7 18. c3 Bxg2+ 19. Kxg2 Nc6 20. Qf3 d5 21. Rxe7 Nxe7 22. Qe2 Qd6 23. Re1 Rb7 24. Qe6+ Qxe6 25. Nxe6 c4 26. Nc5 Ra7 27. Re6 d4 28. dxc4 bxc4 29. Rxa6 Rxa6 30. Nxa6 dxc3 31. Bxc3 Bxc3 32. bxc3 Nd5 33. Kf3 Kf7 34. a4 Ke7 35. Nb4 Nxc3 36. a5 Kd6 37. a6 Nb5 38. Ke3 Kc5 39. Nc2 Kb6 40. Nd4 Kxa6 41. Ne6 Ka5 42. Kd2 Kb4 43. Kc2 Na3+ 44. Kc1 Kc3 45. Nf8 Kd3 46. Nxh7 c3 47. Nf6 Ke2 48. Nd5 Kf3 49. Ne7 Kg2 50. Nxg6 Kxh2 51. Ne7 Kxg3 52. Nxf5+ Kxf4 1/2-1/2

[Event "Jirasek Memorial op 23rd"]
[Site "Rakovnik"]
[Date "2011.08.09"]
[Round "5"]
[White "Janda, Pavel1111"]
[Black "Urban, Tomas"]
[Result "1-0"]
[WhiteElo "2011"]
[BlackElo "1822"]
[PlyCount "49"]
[EventDate "2011.08.06"]
[EventType "swiss"]
[EventRounds "9"]
[EventCountry "CZE"]
[SourceTitle "CBM 143 Extra"]
[Source "ChessBase"]
[SourceDate "2011.08.29"]
[SourceVersion "1"]
[SourceVersionDate "2011.08.29"]
[SourceQuality "1"]

1. Nf3 f5 2. c4 d6 3. d3 g6 4. Nc3 Bg7 5. g3 Nf6 6. Bg2 e5 7. 0-0 0-0 8. Qc2 c6 9. b4 e4 10. dxe4 fxe4 11. Ng5 Bf5 12. e3 Qc8 13. Rb1 d5 14. cxd5 cxd5 15. Qb3 Kh8 16. Nxd5 h6 17. Ne7 Qd7 18. Nxf5 Qxf5 19. Ne6 Rf7 20. Bb2 Nc6 21. Rbd1 Ne5 22. Nf4 Nf3+ 23. Bxf3 exf3 24. Qxf7 Qc2 25. Bxf6 1-0